[Event "ROM-chT Rapid"]
[Site "Sebes"]
[Date "2022.12.03"]
[Round "2.10"]
[White "Ghimpu, Samuel Timotei"]
[Black "Illes, Sandor Ferenc"]
[Result "1-0"]
[WhiteElo "2455"]
[BlackElo "1876"]
[PlyCount "53"]
[EventDate "2022.12.03"]
[EventType "team-swiss (rapid)"]
[EventRounds "8"]
[EventCountry "ROU"]
[SourceTitle "CBM 211 Extra"]
[Source "ChessBase"]
[SourceDate "2023.01.31"]
[SourceVersion "1"]
[SourceVersionDate "2023.01.31"]
[SourceQuality "1"]
[WhiteTeam "Arad Vados"]
[BlackTeam "Targu Mures Juvenes"]
[WhiteTeamCountry "ROU"]
[BlackTeamCountry "ROU"]

1. e4 e5 2. Nf3 Nc6 3. Bc4 Nf6 4. Ng5 d5 5. exd5 Na5 6. Bb5+ c6 7. dxc6 bxc6 8. Bd3 Nd5 9. Nf3 Nf4 10. Bf1 Bd6 11. d3 0-0 12. g3 Ne6 13. Bg2 f5 14. 0-0 Qf6 15. Bd2 Nb7 16. Bc3 Nd4 17. Nbd2 Be6 18. Re1 Rad8 19. Nb3 Bc7 20. Nfxd4 exd4 21. Nxd4 Bd5 22. Ne6 Qf7 23. Nxd8 Nxd8 24. Bxd5 Qxd5 25. Re7 Rf7 26. Qe2 f4 27. Rxc7 1-0

[Event "ROM-chT Rapid"]
[Site "Sebes"]
[Date "2022.12.03"]
[Round "6.26"]
[White "Tariceanu, Victor"]
[Black "Illes, Sandor Ferenc"]
[Result "1-0"]
[WhiteElo "1636"]
[BlackElo "1876"]
[PlyCount "78"]
[EventDate "2022.12.03"]
[EventType "team-swiss (rapid)"]
[EventRounds "8"]
[EventCountry "ROU"]
[SourceTitle "CBM 211 Extra"]
[Source "ChessBase"]
[SourceDate "2023.01.31"]
[SourceVersion "1"]
[SourceVersionDate "2023.01.31"]
[SourceQuality "1"]
[WhiteTeam "Bucharest CCS 2"]
[BlackTeam "Targu Mures Juvenes"]
[WhiteTeamCountry "ROU"]
[BlackTeamCountry "ROU"]

1. e4 e5 2. Bc4 Nc6 3. d3 Nf6 4. Nf3 Be7 5. Bg5 h6 6. Bh4 d6 7. c3 Na5 8. Bb5+ c6 9. Ba4 b5 10. Bc2 c5 11. d4 Qc7 12. 0-0 g5 13. Bg3 Nc6 14. d5 Nb8 15. a4 Ba6 16. Re1 Nbd7 17. Nbd2 0-0 18. axb5 Bb7 19. Nf1 c4 20. Ne3 Rfb8 21. Nd2 Nb6 22. Qe2 Bc8 23. Ndxc4 Bd7 24. Nxb6 Rxb6 25. Bd3 Rab8 26. c4 a6 27. Rxa6 Rxa6 28. bxa6 Bc8 29. Ra1 Nd7 30. Nf5 Bf8 31. a7 Ra8 32. Qe3 Nc5 33. Bf1 Bxf5 34. exf5 Bg7 35. b4 Nd7 36. Ra6 Kf8 37. f3 Ke7 38. Bf2 Qb7 39. Qa3 Bf8 1-0

[Event "Targu Mures op 3rd"]
[Site "Targu Mures"]
[Date "2022.06.08"]
[Round "6"]
[White "Illes, Sandor Ferenc"]
[Black "Vladescu, Alin Cristian"]
[Result "0-1"]
[WhiteElo "1870"]
[BlackElo "2004"]
[PlyCount "116"]
[EventDate "2022.06.05"]
[EventType "swiss"]
[EventRounds "9"]
[EventCountry "ROU"]
[SourceTitle "EXT 2024"]
[Source "ChessBase"]
[SourceDate "2023.10.10"]
[SourceVersion "1"]
[SourceVersionDate "2023.10.10"]
[SourceQuality "1"]

1. e4 d6 2. d4 Nf6 3. Nc3 c6 4. f4 Qa5 5. Bd3 e5 6. Nf3 Bg4 7. dxe5 dxe5 8. f5 Nbd7 9. Bd2 Qc7 10. h3 Bxf3 11. Qxf3 Nc5 12. Bf1 h5 13. a4 a5 14. Bc4 Rd8 15. Ba2 h4 16. Qe2 Rd7 17. 0-0-0 Rd4 18. Be3 Rb4 19. Bxc5 Bxc5 20. Bb3 Ke7 21. Kb1 Qb6 22. Rd3 Rd8 23. Rhd1 Rxd3 24. Rxd3 Bd6 25. g4 Qg1+ 26. Ka2 Bc5 27. Qd2 Bd4 28. g5 Nd7 29. Ne2 Qf2 30. Nxd4 Qxd2 31. f6+ gxf6 32. Nf5+ Ke8 33. Rxd2 fxg5 34. Nd6+ Ke7 35. Nxf7 Rxe4 36. Nxg5 Re3 37. Rd3 Re2 38. Rf3 Nc5 39. Rf7+ Kd6 40. Rh7 e4 41. Rxh4 Ke5 42. Nf7+ Kd4 43. Nd6 Rh2 44. Nc4 b5 45. Nxa5 bxa4 46. Nxc6+ Ke3 47. Bd5 Rxc2 48. Rh8 Nd3 49. Rb8 Rc5 50. Rd8 Rb5 51. b3 axb3+ 52. Kb1 Rc5 53. Bxb3 Rxc6 54. Bd5 Rc1+ 55. Ka2 Rd1 56. Kb3 Nf4 57. Kc4 Rd4+ 58. Kc5 Ne6+ 0-1